000 00791nam a22002177a 4500
005 20180409102223.0
010 _aB-457986-990 ENG-122510
020 _a9788183763417
_c1195.00
035 _aB-457986-990 EN-106042
037 _adpl
_bK.K.Pub/Ven
037 _bDBAD/PUB.
082 _a343.5409944
100 _aSujeet Kumar
245 _aEncyclopaedia Of Cyber Laws /
_cby Sujeet Kumar
260 _aNew Delhi
_bABD Pub
_c2011
270 _a102 Ist Floor Satyam House 4327/3 Ansari Road Darya Ganj
_bNew Delhi
_e110002
_k011-45652440
_mabdpublishersjpr@yahoo.in
300 _aV,311p
_c21cm(Hb)
500 _aInclude index
942 _2ddc
_cEN
_mSUJ
_h343.5409944
999 _c66339
_d66339